| 000 | 00772nam a22002057a 4500 | ||
|---|---|---|---|
| 008 | 160518b xxu||||| |||| 00| 0 eng d | ||
| 020 | _a9789968929110 | ||
| 020 | _a9968929115 | ||
| 082 |
_a759.972.86 _bH565v |
||
| 100 |
_aHerrera,Fabio ; Pau-Llosa,Ricardo. _94957 |
||
| 110 |
_a Galería Alternativa. _94958 |
||
| 245 |
_aVentramas : Fabio Herrera. _cFabio Herrera; Ricardo Pau-Llosa; Galería Alternativa. |
||
| 260 |
_aSan José, Costa Rica _b Ediciones Andromeda _c2007 |
||
| 300 |
_a46 pag _b color illustrations _c22 cm |
||
| 600 |
_aHerrera Martinez, Fabio _94959 |
||
| 650 |
_aPintura Costarricense _vCatalago de exhibición _xArte costarricense _94960 |
||
| 700 |
_aFabio Herrera _94940 |
||
| 700 |
_aPau-Llosa,Ricardo. _94961 |
||
| 710 |
_a Galería Alternativa. _94962 |
||
| 999 |
_c902 _d902 |
||